| 000 | 00503nam a2200169Ia 4500 | ||
|---|---|---|---|
| 008 | 180921t2021 xxu||||| |||| 00| 1 sin d | ||
| 041 | _asin | ||
| 080 |
_aX8සි31 _bඇලෙක් |
||
| 100 | _aඇලෙක්සැන්ඩර්, නිලංක | ||
| 245 | _aජෙගන් | ||
| 246 | _aJegan | ||
| 260 |
_bඇගැල්මා පුකාශන _aතැ.නො. _c2021 |
||
| 300 | _aපි.118, සෙ.මි.21 | ||
| 942 | _cBK | ||
| 999 |
_c9350 _d9350 |
||
| 003 | LK-CoDNM | ||
| 040 |
_aLK-CoDNM _dLK-CoDNM _eLK-CoDNM |
||